Quiz de opción múltiple – Bogotá - Estadísticas

Estadísticas generales
  • Esta prueba ha sido intentada 505 veces
  • La puntuación promedio es 7 de 10
Estadísticas de respuestas
Pregunta Respuesta % Correcto
¿Qué país tiene una capital a mayor altitud que Bogotá? Bolivia
82%
En esta localidad se ubica el centro histórico de Bogotá que cuenta con la Plaza Bolívar, el Capitolio Nacional y la Catedral. La Candelaria
77%
¿Qué cerro tiene una basílica en su cima? Monserrate
72%
¿Qué palabra es utilizada para referirse a los bogotanos? Rolo
71%
La Sede Bogotá tiene la Ciudad Blanca como campus principal de esta universidad. Universidad Nacional de Colombia (UNAL)
68%
¿Qué departamento tiene Bogotá como capital aunque es fuera de la jurisdicción territorial? Cundinamarca
67%
¿Quién es al fundador de facto de Bogotá? Gonzalo Jiménez de Quesada
66%
Este museo tiene la colección de orfebrería prehispánica más grande del mundo. Museo del Oro
66%
Escoge el club que no es de Bogotá. Atlético Nacional
63%
Escoge el famoso que nació en Bogotá. Andrés Cepeda
62%
No se encontraron pruebas coincidentes
Distribución de puntuación
Porcentaje de gente con cada puntuación
Porcentaje por número respondido
Historial de tus puntuaciones
No has intentado esta prueba.